000 01639cam0 2200349 ib4500
001 BY-MI0021-br53772
005 20260120163225.0
010 ^a978-5-00061-074-9
^bв переплете
^d52440 р.
100 ^a20190809d2015 c y0rusy50 ca
101 0 ^arus
102 ^aRU
105 ^aa z 000fy
109 ^ama
200 1 ^aПро зверей
^eдля младшего школьного возраста
^fЕ. Чарушин
^gхудожник Е. Чарушин
210 ^aМосква
^cИскательпресс
^d2015
215 ^a45, [2] с.
^cцв. ил.
^d22 см
225 1 ^aБиблиотечка школьника
327 0 ^aСодержание: Рябчонок; Воробей; Волчишко; Про зайчат; Что за зверь?; Олешки; Яшка; Лесной котенок; Сорока; Цапля и др.
333 ^a6+
345 ^a7000 экз.
606 ^aХУДОЖЕСТВЕННАЯ ЛИТЕРАТУРА
^3BY-NLB-ar37179
^2DVNLB
606 ^aРАССКАЗЫ
^3BY-NLB-ar2670465
^2DVNLB
608 ^aДЕТСКАЯ И ЮНОШЕСКАЯ ЛИТЕРАТУРА (художеств. произведение)
^3BY-NLB-ar9019
^2BYGNR
686 ^a84(2=411.2)6
^2rubbk
690 ^a1
^2Base
^9BY-MI0021
^xRSEK
700 1 ^aЧарушин
^bЕ. И.
^gЕвгений Иванович
^cписатель
^cхудожник
^f1901—1965
^3BY-NLB-ar2488248
^4040
801 0 ^aBY
^bBY-MI0021
^c20190809
^gpsbo
801 2 ^aBY
^bBY-MI0021
^c20221114
^gpsbo
035 ^a(BY-MI0021)BY-MI0021-br53772
899 0 ^aBY-MI0021
^iЧ-23
^h84(2=411.2)6